000 00625nam a2200205 a 4500
001 BRCA_5213
005 20190320205003.0
008 261110s1924----nyu#######---#000-0#eng-#
041 _aeng
044 _anyu
050 4 _aZ2680
_b.L57 1924
245 1 0 _aList of publications.
260 _aNueva York
_bThe Hispanic Society of America
_c1924
300 _a1 v. (sin paginación)
_c17 cm.
440 0 _aHispanic notes & monographs: essays, studies, and brief biographies issued by the Hispanic Society of America
_97657
500 _aE47
650 1 4 _aBibliografía
_vCatálogos
_913349
902 _aGFM
942 _2lcc
_cB
999 _c4907
_d4907